COMPUTER NETWORKS (Record no. 204657)
[ view plain ]
| 000 -LEADER | |
|---|---|
| fixed length control field | 00233nam a2200097Ia 4500 |
| 050 ## - LIBRARY OF CONGRESS CALL NUMBER | |
| Classification number | TK5105.2.T36 C.1 |
| 100 ## - MAIN ENTRY--PERSONAL NAME | |
| Personal name | ANDREWS S. TANENBAUM |
| 245 #0 - TITLE STATEMENT | |
| Title | COMPUTER NETWORKS |
| 942 ## - ADDED ENTRY ELEMENTS (KOHA) | |
| Koha item type | Long Loan Book |
| Withdrawn status | Lost status | Source of classification or shelving scheme | Damaged status | Not for loan | Collection | Home library | Current library | Shelving location | Date acquired | Total checkouts | Full call number | Date last seen | Copy number | Price effective from | Koha item type |
|---|---|---|---|---|---|---|---|---|---|---|---|---|---|---|---|
| Library of Congress Classification | Science & Technology | Kisii University Library | Kisii University Library | On Display | 06/05/2025 | TK 5105.2 .T 36 2002 | 06/05/2025 | 1 | 06/05/2025 | Long Loan Book |